<?xml version="1.0" encoding="UTF-8"?>
<record
    xmlns:xsi="http://www.w3.org/2001/XMLSchema-instance"
    xsi:schemaLocation="http://www.loc.gov/MARC21/slim http://www.loc.gov/standards/marcxml/schema/MARC21slim.xsd"
    xmlns="http://www.loc.gov/MARC21/slim">

  <leader>01793cam a22003731  4500</leader>
  <controlfield tag="001">78628</controlfield>
  <controlfield tag="003">BD-RjUL</controlfield>
  <controlfield tag="005">20211209083144.0</controlfield>
  <controlfield tag="008">700514s1908    le            000 0 eng  </controlfield>
  <datafield tag="035" ind1=" " ind2=" ">
    <subfield code="a">(BD-RjUL)78854</subfield>
  </datafield>
  <datafield tag="040" ind1=" " ind2=" ">
    <subfield code="a">DLC</subfield>
    <subfield code="c">DLC</subfield>
    <subfield code="d">DLC</subfield>
    <subfield code="b">eng</subfield>
  </datafield>
  <datafield tag="041" ind1="1" ind2=" ">
    <subfield code="a">eng</subfield>
    <subfield code="h">ara</subfield>
  </datafield>
  <datafield tag="051" ind1=" " ind2=" ">
    <subfield code="a">DS99.D3</subfield>
    <subfield code="b">A2</subfield>
  </datafield>
  <datafield tag="066" ind1=" " ind2=" ">
    <subfield code="c">(3</subfield>
    <subfield code="c">(4</subfield>
  </datafield>
  <datafield tag="082" ind1="0" ind2="0">
    <subfield code="a">956.9102</subfield>
    <subfield code="2">23</subfield>
    <subfield code="b">IBH 1908</subfield>
  </datafield>
  <datafield tag="100" ind1="1" ind2=" ">
    <subfield code="a"> &#x627;&#x628;&#x646; &#x627;&#x644;&#x642;&#x644;&#x627;&#x646;&#x633;&#x64A;&#x60C; &#x627;&#x628;&#x648; &#x64A;&#x639;&#x644;&#x649; &#x62D;&#x645;&#x632;&#x629; &#x628;&#x646; &#x627;&#x633;&#x62F;&#x60C;, -1160 = Ibn al-Qal&#x101;nis&#x12B;, Ab&#x16B; Ya&#x2BB;l&#xE1; &#x1E24;amzah ibn Asad,</subfield>
    <subfield code="d">-1160.</subfield>
    <subfield code="9">249290</subfield>
  </datafield>
  <datafield tag="245" ind1="1" ind2="0">
    <subfield code="a">&#x62A;&#x627;&#x631;&#x64A;&#x62E; &#x627;&#x628;&#x64A; &#x64A;&#x639;&#x644;&#x649; &#x62D;&#x645;&#x632;&#x629; &#x628;&#x646; &#x627;&#x644;&#x642;&#x644;&#x627;&#x646;&#x633;&#x64A; : &#x627;&#x644;&#x645;&#x639;&#x631;&#x641; &#x628;&#x630;&#x64A;&#x644; &#x62A;&#x627;&#x631;&#x64A;&#x62E; &#x62F;&#x645;&#x634;&#x642; = History of Damascus, 363-555 A.H.,</subfield>
    <subfield code="c">by Ibn al-Qal&#xE2;nisi, from the Bodleian MS. Hunt. 125; being a continuation of the history of Hil&#xE3;l-al-S&#xE2;bi. Edited with extracts from other histories and summary of contents by H. F. Amedroz.</subfield>
  </datafield>
  <datafield tag="260" ind1=" " ind2=" ">
    <subfield code="a">[Beyrut]</subfield>
    <subfield code="b">Catholic Press of Beyrut,</subfield>
    <subfield code="c">1908.</subfield>
  </datafield>
  <datafield tag="300" ind1=" " ind2=" ">
    <subfield code="a">395, 48 p.; </subfield>
    <subfield code="c">25 cm.</subfield>
  </datafield>
  <datafield tag="500" ind1=" " ind2=" ">
    <subfield code="a">Added t.p. in Arabic.</subfield>
  </datafield>
  <datafield tag="500" ind1=" " ind2=" ">
    <subfield code="a">Also known under title Dhayl t&#x101;r&#x12B;kh Dimashq.</subfield>
  </datafield>
  <datafield tag="650" ind1=" " ind2="0">
    <subfield code="a">Crusades.</subfield>
    <subfield code="9">249291</subfield>
  </datafield>
  <datafield tag="650" ind1=" " ind2="0">
    <subfield code="a">Syria </subfield>
    <subfield code="v"> Damascus.</subfield>
    <subfield code="9">249295</subfield>
  </datafield>
  <datafield tag="651" ind1=" " ind2="0">
    <subfield code="a">Damascus (Syria)</subfield>
    <subfield code="x">History.</subfield>
    <subfield code="9">82818</subfield>
  </datafield>
  <datafield tag="700" ind1="1" ind2=" ">
    <subfield code="a">Amedroz, H. F.</subfield>
    <subfield code="q">(Henry Frederick),</subfield>
    <subfield code="d">1855-1917,</subfield>
    <subfield code="e">ed.</subfield>
    <subfield code="9">249292</subfield>
  </datafield>
  <datafield tag="700" ind1="1" ind2=" ">
    <subfield code="a">&#x1E62;&#x101;b&#x12B;, Hil&#x101;l ibn al-Mu&#x1E25;assin,</subfield>
    <subfield code="d">970-1056.</subfield>
    <subfield code="9">249293</subfield>
  </datafield>
  <datafield tag="710" ind1="2" ind2=" ">
    <subfield code="a">Bodleian Library.</subfield>
    <subfield code="k">Manuscript.</subfield>
    <subfield code="n">Hunt. 125.</subfield>
    <subfield code="9">249294</subfield>
  </datafield>
  <datafield tag="880" ind1="1" ind2=" ">
    <subfield code="6">100-01/(3/r&#x200F;</subfield>
    <subfield code="a">&#x200F;&#x625;&#x628;&#x646; &#x627;&#x644;&#x642;&#x644;&#x627;&#x646;&#x633;&#x64A;&#x60C; &#x623;&#x628;&#x648; &#x64A;&#x639;&#x644;&#x649; &#x62D;&#x645;&#x632;&#x629; &#x628;&#x646; &#x623;&#x633;&#x62F;&#x60C;&#x200F;</subfield>
    <subfield code="d">-1160.</subfield>
  </datafield>
  <datafield tag="880" ind1="1" ind2="0">
    <subfield code="6">240-02/(3/r&#x200F;</subfield>
    <subfield code="a">&#x200F;&#x630;&#x64A;&#x644; &#x62A;&#x627;&#x631;&#x64A;&#x62E; &#x62F;&#x645;&#x634;&#x642;.&#x200F;</subfield>
    <subfield code="l">English</subfield>
  </datafield>
  <datafield tag="880" ind1="1" ind2=" ">
    <subfield code="6">700-07/(3/r&#x200F;</subfield>
    <subfield code="a">&#x200F;&#x635;&#x627;&#x628;&#x64A;&#x60C; &#x647;&#x644;&#x627;&#x644; &#x628;&#x646; &#x627;&#x644;&#x645;&#x62D;&#x633;&#x646;&#x60C;&#x200F;</subfield>
    <subfield code="d">970-1056.</subfield>
    <subfield code="t">&#x200F;&#x62A;&#x627;&#x631;&#x64A;&#x62E;.</subfield>
  </datafield>
  <datafield tag="942" ind1=" " ind2=" ">
    <subfield code="2">ddc</subfield>
    <subfield code="c">BK</subfield>
  </datafield>
  <datafield tag="999" ind1=" " ind2=" ">
    <subfield code="c">78628</subfield>
    <subfield code="d">78628</subfield>
  </datafield>
  <datafield tag="952" ind1=" " ind2=" ">
    <subfield code="0">0</subfield>
    <subfield code="1">0</subfield>
    <subfield code="2">ddc</subfield>
    <subfield code="4">0</subfield>
    <subfield code="7">1</subfield>
    <subfield code="8">NFIC</subfield>
    <subfield code="a">RUCL</subfield>
    <subfield code="b">RUCL</subfield>
    <subfield code="c">Reading</subfield>
    <subfield code="d">2021-10-24</subfield>
    <subfield code="l">0</subfield>
    <subfield code="o">A 956.9102 IBH 1908</subfield>
    <subfield code="r">2021-10-24 00:00:00</subfield>
    <subfield code="t">C-1</subfield>
    <subfield code="w">2021-10-24</subfield>
    <subfield code="y">BK</subfield>
  </datafield>
</record>
